Statistics for dinosaurs in jurassic franchise

Click here to take the quiz!

General Stats

  • This quiz has been taken 18 times
  • The average score is 34 of 46

Answer Stats

HintAnswer% Correct
Fallen kingdom, Battle at big rock, DominionAllosaurus
100%
JPIII, Jurassic world, Fallen kingdom, Camp cretaceous, DominionAnkylosaurus
100%
DominionAtrociraptor
100%
Fallen kingdom, Camp cretaceous, DominionBaryonyx
100%
JPIIICorythosaurus
100%
DominionDreadnoughtus
100%
Jurassic park, TLW, Jurassic world, Fallen kingdom, Camp cretaceous, DominionGallimimus
100%
Jurassic world, Fallen kingdom, DominionApatosaurus
83%
Jurassic park, JPIII, Fallen kingdom, Camp Cretaceous, DominionBrachiosaurus
83%
Fallen kingdom, Camp cretaceous, DominionCarnotaurus
83%
JPIII, Camp cretaceousCeratosaurus
83%
TLW, JPIII, Camp cretaceous, Fallen Kingdom, Dominion, Battle at big rockCompsognathus
83%
Jurassic park, Camp Cretaceous, DominionDilophosaurus
83%
Jurassic world, Camp Cretaceous, DominionDimorphodon
83%
DominionGiganotosaurus
83%
DominionIguanodon
83%
Jurassic worldIndominus
83%
Fallen kingdomIndoraptor
83%
Battle at big rock, DominionNasutoceratops
83%
Jurassic park, TLW, JPIII, Jurassic world, Fallen kingdom, Camp cretaceous, Dominion, Battle at big rockParasaurolophus
83%
TLW, JPIII, Jurassic world, Fallen kingdom, Camp cretaceous, Dominion, Battle at big rockPteranodon
83%
DominionPyroraptor
83%
JPIII, Camp cretaceousSpinosaurus
83%
DominionTherizinosaurus
83%
Jurassic park, TLW, JPIII, Jurassic world, Fallen kingdom, DominionTriceratops
83%
Jurassic park, TLW, JPIII, Jurassic world, Fallen kingdom, Camp cretaceous, DominionVelociraptor
83%
DominionDimetrodon
67%
DominionLystrosaurus
67%
TLWMamenchisaurus
67%
DominionMicroceratus
67%
Jurassic world, Fallen kingdom, Dominion, Battle at big rock, Camp cretaceousMosasaurus
67%
Camp cretaceousNothosaurus
67%
DominionOviraptor
67%
DominionQuetzalcoatlus
67%
Fallen kingdom, Dominion, Camp cretaceousSinoceratops
67%
TLW, JPIII, Jurassic world, Fallen kingdom, Camp cretaceous, Dominion, Battle at big rockStegosaurus
67%
Jurassic park, TLW, JPIII, Jurassic world, Fallen kingdom, Camp cretaceous, DominionTyrannosaurus
67%
Camp cretaceousKentrosaurus
50%
Camp cretaceousMonolophosaurus
50%
DominionMoros
50%
Camp cretaceousOuranosaurus
50%
TLWPachycephalosaurus
50%
Camp cretaceousScorpios
50%
Camp cretaceousSpinoceratops
50%
Camp CretaceousSmilodon
33%
Fallen Kingdom, DominionStygimoloch
33%

Score Distribution

Percentile by Number Answered

Percent of People with Each Score

Your Score History

You have not taken this quiz